Statistics for Memphis Grizzlies 20 Points Per Game Players

Click here to take the quiz!

General Stats

  • This quiz has been taken 89 times
    (50 since last reset)
  • The average score is 6 of 7

Answer Stats

#PlayersLast% Correct
2Ja Morant2023
98%
2Mike Conley2019
93%
2Pau Gasol2007
93%
1Desmond Bane2023
88%
2Zach Randolph2011
88%
4Shareef Abdur-Rahim2001
73%
1Rudy Gay2008
49%

Score Distribution

Percentile by Number Answered

Percent of People with Each Score

Your Score History

You have not taken this quiz since the last reset